| 000 | 00540pab a2200193 454500 | ||
|---|---|---|---|
| 008 | 180718b1995 xxu||||| |||| 00| 0 eng d | ||
| 100 | _aModi, Sanjay | ||
| 245 | _aWorker's participation in trade unions | ||
| 260 | _c1995 | ||
| 300 | _ap.40-58 | ||
| 362 | _aJul | ||
| 650 | _aLabour movement - Punjab | ||
| 650 | _aPepsu Road Transport Corporation (Punjab) | ||
| 650 | _aTrade Unions - India - Punjab | ||
| 700 | _aSingh, Umesh C. | ||
| 700 | _aSinghal, K.C. | ||
| 773 | _aIndian Journal of Industrial Relations | ||
| 909 | _a29255 | ||
| 999 |
_c29255 _d29255 |
||